| 000 | 00786 a2200265 4500 | ||
|---|---|---|---|
| 001 | 53615 | ||
| 999 |
_c53615 _d13885 |
||
| 003 | TR-AnTOB | ||
| 005 | 20220614143421.0 | ||
| 008 | 061002s1982 le 00000 fre | ||
| 035 | _a53615 | ||
| 040 | _aETU | ||
| 041 | _afre | ||
| 050 |
_aN7276.6 _b.C46 1982 |
||
| 090 | _aN7276.6 .C46 1982 | ||
| 245 | 0 |
_aCent ans d'art plastique au Liban, 1880-1980 = _bOne hundred years of plastic arts in Lebanon, 1880-1980 / _cEditor Richard A. Chahine. |
|
| 264 | 1 |
_aBeyrouth : _bR.A. Chahine, _c1982- |
|
| 300 |
_av.: _bcol. ill. ; _c35cm. |
||
| 500 | _aFrench, English and Arabic. | ||
| 650 | 0 |
_aArt, Lebanese _y20th century _927666 |
|
| 650 | 0 |
_aArt, Lebanese _y19th century _927665 |
|
| 700 |
_aChahine, Richard A. _eed. _927664 |
||
| 901 | _a0011660 | ||
| 902 | _aGT | ||
| 942 | _cBK | ||